Bibliography of tai language (Record no. 3985)

MARC details
000 -LEADER
fixed length control field 00532cam a2200193ua 4500
001 - CONTROL NUMBER
control field 4167
005 - DATE AND TIME OF LATEST TRANSACTION
control field 20260515113809.0
008 - FIXED-LENGTH DATA ELEMENTS--GENERAL INFORMATION
fixed length control field 111219n ii |||gr||||Z||||||asm
040 ## - CATALOGING SOURCE
Transcribing agency MAIN
082 ## - DEWEY DECIMAL CLASSIFICATION NUMBER
Classification number 495.91
100 1# - MAIN ENTRY--PERSONAL NAME
Personal name Phukan, Jogendra Nath,
Relator term Compilor.,
245 11 - TITLE STATEMENT
Title Bibliography of tai language
Statement of responsibility, etc. by Jogendra Nath Phukan
250 ## - EDITION STATEMENT
Edition statement 1st.
260 ## - PUBLICATION, DISTRIBUTION, ETC.
Place of publication, distribution, etc. Guwahati:
Name of publisher, distributor, etc. Assamese deptt. Dibrugarh university,993.
300 ## - PHYSICAL DESCRIPTION
Extent 131p:
Dimensions 23cm.
653 ## - INDEX TERM--UNCONTROLLED
Uncontrolled term Assamese language
653 ## - INDEX TERM--UNCONTROLLED
Uncontrolled term Bibliography of tai language
942 ## - ADDED ENTRY ELEMENTS (KOHA)
Koha item type Books
Holdings
Withdrawn status Lost status Damaged status Not for loan Home library Current library Shelving location Date acquired Total checkouts Full call number Barcode Date last seen Copy number Price effective from Koha item type
        Naharkatiya College Library Naharkatiya College Library General stacks 09/19/2020   495.91 | BIB 20494 09/19/2020 3 09/19/2020 Books
        Naharkatiya College Library Naharkatiya College Library General stacks 09/19/2020   495.91 | BIB 20495 09/19/2020 2 09/19/2020 Books
        Naharkatiya College Library Naharkatiya College Library General stacks 09/19/2020   495.91 | BIB 20496 09/19/2020 1 09/19/2020 Books